Memoria /
में बचाया:
| मुख्य लेखक: | |
|---|---|
| अन्य लेखक: | , , , , , |
| स्वरूप: | मूलपाठ |
| विषय: | |
| टैग: |
टैग जोड़ें
कोई टैग नहीं, इस रिकॉर्ड को टैग करने वाले पहले व्यक्ति बनें!
|
MARC
| LEADER | 00000 a a2200000 04500 | ||
|---|---|---|---|
| 001 | 32027 | ||
| 003 | |||
| 040 | |||
| 090 | |a 199900 | ||
| 100 | |a Casas, Kevin | ||
| 245 | |a Memoria / |c Kevin Casas | ||
| 300 | |a 73 p. | ||
| 650 | |a VIOLENCIA | ||
| 650 | |a PROBLEMAS SOCIALES | ||
| 650 | |a DELINCUENCIA | ||
| 650 | |a DELITOS | ||
| 650 | |a SEGURIDAD | ||
| 650 | |a DESARROLLO HUMANO | ||
| 650 | |a DESARROLLO SOCIAL | ||
| 650 | |a SEGURIDAD SOCIAL | ||
| 650 | |a INTERVENCION DEL ESTADO | ||
| 650 | |a POLITICA GUBERNAMENTAL | ||
| 650 | |a DEMOCRACIA | ||
| 650 | |a GOBERNABILIDAD | ||
| 650 | |a SISTEMA JUDICIAL | ||
| 650 | |a REPRESION | ||
| 650 | |a SANCIONES PENALES | ||
| 650 | |a PREVENCIO | ||
| 650 | |a DELITOS | ||
| 650 | |a HOMICIDIO | ||
| 650 | |a VIOLENCIA | ||
| 650 | |a PROBLEMAS SOCIALES | ||
| 650 | |a ABUSO SEXUAL | ||
| 650 | |a SANCIONES PENALES | ||
| 700 | |a Gutiérrez Saxe, Miguel | ||
| 700 | |a Solís, Luis Guillermo | ||
| 700 | |a Fulmen Salazar, María | ||
| 700 | |a Delgado, Jorge | ||
| 700 | |a Méndez, Patricia | ||
| 700 | |a Rojas, Marielos | ||
| 999 | |c 13768 |d 13768 | ||
